| 000 | 00398nam a2200157Ia 4500 | ||
|---|---|---|---|
| 008 | 230917s9999||||xx |||||||||||||| ||und|| | ||
| 040 |
_e113447 _aMAIN |
||
| 041 | _aEnglish | ||
| 082 | _a005.1 J219I | ||
| 100 | _aJalote, Pankaj | ||
| 245 | 3 | _aAn Integrated approach to software engineering | |
| 250 | _a3rd ed. | ||
| 260 |
_aNew Delhi _bNarosa _c2005 |
||
| 300 | _axiii, 495p p. | ||
| 942 | _cBK | ||
| 999 |
_c142064 _d142064 |
||